[Event "ARG-ch sf Amateur 13th"]
[Site "Monte Grande"]
[Date "2016.10.23"]
[Round "5.4"]
[White "Alves Fernandez, Sebastian"]
[Black "Caballero, Cristian"]
[Result "1-0"]
[WhiteElo "1754"]
[BlackElo "1884"]
[PlyCount "81"]
[EventDate "2016.10.21"]
[EventType "swiss"]
[EventRounds "6"]
[EventCountry "ARG"]
[SourceTitle "EXT 2024"]
[Source "ChessBase"]
[SourceDate "2023.10.10"]
[SourceVersion "1"]
[SourceVersionDate "2023.10.10"]
[SourceQuality "1"]

1. d4 Nf6 2. Nf3 e6 3. Bg5 h6 4. Bh4 c5 5. e3 Nc6 6. c3 d5 7. Bd3 c4 8. Bc2 Qb6 9. Qc1 Be7 10. Nbd2 0-0 11. Ne5 Qc7 12. f4 Nxe5 13. fxe5 Ng4 14. Bxe7 Qxe7 15. Nf3 h5 16. Qd2 a5 17. 0-0-0 f6 18. h3 Nh6 19. g4 b5 20. gxh5 b4 21. Rdg1 Qe8 22. Qg2 Ra7 23. Qg6 Qxg6 24. Rxg6 fxe5 25. Nxe5 Nf7 26. Nxf7 Rfxf7 27. h6 Bd7 28. Rhg1 Bc8 29. Rxg7+ Rxg7 30. hxg7 Rxg7 31. Rxg7+ Kxg7 32. Ba4 Kf6 33. Kd2 Kg5 34. Ke2 Kh4 35. Kf3 Kxh3 36. e4 Kh4 37. exd5 exd5 38. Bc6 Be6 39. Kf4 Kh5 40. Ke5 Bf7 41. Bxd5 1-0

[Event "Monte Grande qual CAMG"]
[Site "Monte Grande"]
[Date "2015.07.24"]
[Round "3.5"]
[White "Gawel, Alfredo Juan"]
[Black "Alves Fernandez, Sebastian"]
[Result "0-1"]
[WhiteElo "1719"]
[BlackElo "1733"]
[PlyCount "110"]
[EventDate "2015.07.10"]
[EventType "swiss"]
[EventRounds "5"]
[EventCountry "ARG"]
[SourceTitle "EXT 2024"]
[Source "ChessBase"]
[SourceDate "2023.10.10"]
[SourceVersion "1"]
[SourceVersionDate "2023.10.10"]
[SourceQuality "1"]

1. e4 e6 2. d4 d5 3. exd5 exd5 4. c4 dxc4 5. Bxc4 Bd6 6. Nf3 Nf6 7. Nc3 Nbd7 8. h3 Nb6 9. Bb3 Qe7+ 10. Be3 Bf5 11. Ng5 Bg6 12. 0-0 h6 13. Nf3 0-0-0 14. Rc1 a6 15. a4 Bb4 16. Ne5 Nbd5 17. Nxd5 Nxd5 18. Qf3 Nf6 19. Bc2 Bxc2 20. Rxc2 Rhf8 21. Rfc1 Nd5 22. Qe2 Bd6 23. Nc4 Bf4 24. Nb6+ Nxb6 25. Qg4+ f5 26. Qxf4 Nd5 27. Qe5 Qxe5 28. dxe5 f4 29. Bd2 g5 30. Re1 Rfe8 31. b4 Rd7 32. b5 axb5 33. axb5 Rde7 34. Bc3 Nxc3 35. Rxc3 Rxe5 36. Rb1 Re1+ 37. Rxe1 Rxe1+ 38. Kh2 Re5 39. Rb3 c6 40. bxc6 bxc6 41. g3 fxg3+ 42. fxg3 Kc7 43. Kg2 c5 44. Kf3 c4 45. Rc3 Rc5 46. Kg4 Rc6 47. h4 gxh4 48. Kxh4 Kb6 49. g4 Kb5 50. g5 hxg5+ 51. Kxg5 Kb4 52. Rc1 Kb3 53. Kf4 Kb2 54. Rh1 c3 55. Rh8 c2 0-1

[Event "Monte Grande qual CAMG"]
[Site "Monte Grande"]
[Date "2015.07.10"]
[Round "1.1"]
[White "Herrera, Pablo"]
[Black "Alves Fernandez, Sebastian"]
[Result "1-0"]
[WhiteElo "2023"]
[BlackElo "1733"]
[PlyCount "27"]
[EventDate "2015.07.10"]
[EventType "swiss"]
[EventRounds "5"]
[EventCountry "ARG"]
[SourceTitle "EXT 2024"]
[Source "ChessBase"]
[SourceDate "2023.10.10"]
[SourceVersion "1"]
[SourceVersionDate "2023.10.10"]
[SourceQuality "1"]

1. b4 e5 2. Bb2 d6 3. e3 Be6 4. Nf3 f5 5. d4 e4 6. d5 exf3 7. dxe6 fxg2 8. Bxg2 Nc6 9. Bxc6+ bxc6 10. Bxg7 Qh4 11. Bxh8 Nh6 12. Qf3 d5 13. c3 Bd6 14. Bg7 1-0

[Event "Monte Grande Ponzo Cup U2200 12th"]
[Site "Monte Grande"]
[Date "2015.06.13"]
[Round "2.7"]
[White "Gawel, Alfredo Juan"]
[Black "Alves Fernandez, Sebastian"]
[Result "1-0"]
[WhiteElo "1708"]
[BlackElo "1773"]
[PlyCount "70"]
[EventDate "2015.06.13"]
[EventType "swiss"]
[EventRounds "7"]
[EventCountry "ARG"]
[SourceTitle "EXT 2024"]
[Source "ChessBase"]
[SourceDate "2023.10.10"]
[SourceVersion "1"]
[SourceVersionDate "2023.10.10"]
[SourceQuality "1"]

1. e4 e6 2. d4 d5 3. Nc3 Nf6 4. e5 Nfd7 5. Bd3 b6 6. Nf3 Ba6 7. Nb5 c5 8. c4 Bxb5 9. cxb5 c4 10. Bc2 a6 11. bxa6 Nxa6 12. Bd2 Bb4 13. a3 Bxd2+ 14. Qxd2 b5 15. 0-0 Nc7 16. Ng5 h6 17. Nh3 0-0 18. f4 Nb6 19. Rf3 Qe7 20. Rg3 b4 21. Rf1 bxa3 22. bxa3 Rxa3 23. Rg4 Rfa8 24. f5 exf5 25. Bxf5 Kh8 26. Nf4 Ra2 27. Bc2 Ne6 28. Nh5 g5 29. Rf6 Ra1+ 30. Kf2 Qf8 31. h4 Rh1 32. Ng3 Rxh4 33. Rxh4 gxh4 34. Rxh6+ Qxh6 35. Qxh6+ Kg8 1-0

[Event "Monte Grande Valerio Lorenzi 2nd"]
[Site "Monte Grande"]
[Date "2015.05.20"]
[Round "6.3"]
[White "Farias, Guillermo"]
[Black "Alves Fernandez, Sebastian"]
[Result "1-0"]
[WhiteElo "1980"]
[BlackElo "1780"]
[PlyCount "81"]
[EventDate "2015.05.08"]
[EventType "swiss"]
[EventRounds "7"]
[EventCountry "ARG"]
[SourceTitle "EXT 2024"]
[Source "ChessBase"]
[SourceDate "2023.10.10"]
[SourceVersion "1"]
[SourceVersionDate "2023.10.10"]
[SourceQuality "1"]

1. e4 e6 2. d4 d5 3. Nc3 Nf6 4. Bg5 Be7 5. e5 Nfd7 6. h4 a6 7. Bxe7 Qxe7 8. Qg4 f6 9. f4 c5 10. Nf3 Nc6 11. 0-0-0 f5 12. Qh5+ Qf7 13. Qxf7+ Kxf7 14. h5 h6 15. Rg1 Ne7 16. Ne2 c4 17. Nh4 Nf8 18. g4 g5 19. hxg6+ Nfxg6 20. Nxg6 Nxg6 21. gxf5 exf5 22. Bh3 Be6 23. Rdf1 Rag8 24. Kd2 Ne7 25. Rxg8 Rxg8 26. Rf3 Ng6 27. Ke1 Nh4 28. Ra3 Ke7 29. Kf2 Bc8 30. Ng3 b5 31. b3 Rg6 32. b4 Rc6 33. Re3 a5 34. bxa5 b4 35. a3 b3 36. cxb3 cxb3 37. Rxb3 Rc2+ 38. Ke3 Ba6 39. Nxf5+ Nxf5+ 40. Bxf5 Re2+ 41. Kf3 1-0

[Event "Monte Grande Valerio Lorenzi 2nd"]
[Site "Monte Grande"]
[Date "2015.05.18"]
[Round "5.3"]
[White "Silva, Ariel Orlando"]
[Black "Alves Fernandez, Sebastian"]
[Result "0-1"]
[WhiteElo "1677"]
[BlackElo "1780"]
[PlyCount "68"]
[EventDate "2015.05.08"]
[EventType "swiss"]
[EventRounds "7"]
[EventCountry "ARG"]
[SourceTitle "EXT 2024"]
[Source "ChessBase"]
[SourceDate "2023.10.10"]
[SourceVersion "1"]
[SourceVersionDate "2023.10.10"]
[SourceQuality "1"]

1. d4 Nf6 2. c4 g6 3. Nc3 Bg7 4. e4 d6 5. f3 0-0 6. Be3 Nbd7 7. Qd2 Re8 8. Nge2 e5 9. g4 exd4 10. Nxd4 Ne5 11. Be2 Be6 12. b3 c6 13. h4 d5 14. exd5 cxd5 15. Nxe6 fxe6 16. Rd1 Qa5 17. Ne4 Qxd2+ 18. Nxd2 Nc6 19. g5 Nh5 20. cxd5 exd5 21. Nf1 d4 22. Bc1 Re5 23. Kf2 Rae8 24. Bc4+ Kh8 25. Bb2 b5 26. Bd3 Nf4 27. Ng3 Re3 28. Bxb5 Ne5 29. Bxe8 Rxf3+ 30. Kg1 Rxg3+ 31. Kf2 Rg2+ 32. Kf1 Rxb2 33. Ke1 d3 34. Rd2 Nf3+ 0-1